| 000 | 01870nam0a2200349 i 4500 | ||
|---|---|---|---|
| 001 | RU\NLR\BIBL_A\010720345 | ||
| 005 | 20240921202050.0 | ||
| 010 |
_a9785768109721 _9500 |
||
| 021 |
_aRU _b2015-11811 _9717 |
||
| 035 | _a(NILC)RuMoRGB-007875570 | ||
| 035 | _a(NLR Aleph) 010720345 | ||
| 090 |
_a9815989 _c9815989 |
||
| 100 | _a20150406d2014 k y0rusy50 ca | ||
| 101 | 0 | _arus | |
| 102 | _aRU | ||
| 105 | _aa|||z|||001yy | ||
| 200 | 1 |
_aФормирование стратегии антикризисного развития подсистемы региональной экономики на основе структурной трансформации: технологические особенности и механизм реализации _eмонография _fВ.Ю. Циклаури _gМинобрнауки России, Федер. гос. бюджет. образоват. учреждение высш. проф. образования "Юго-Зап. гос. ун-т" (ЮЗГУ) |
|
| 210 |
_aКурск _cЮго-Западный государственный университет _d2014 |
||
| 215 |
_a165 с. _cил. _d20 |
||
| 320 | _aБиблиогр.: с. 153-165 (146 назв.) | ||
| 606 | 1 |
_aАнтикризисное управление _xРегиональный аспект _92094833 _3RU\NLR\AUTH\661267572 |
|
| 606 | 1 |
_aРегиональная экономика _yКурская область _92515749 _3RU\NLR\AUTH\661491084 |
|
| 607 |
_aКурская область (Российская Федерация) _2rugeo |
||
| 686 | 1 | _aУ9(2)-971 | |
| 686 | 1 | _aУ21(2)9 | |
| 686 | 1 | _aУ04(2Р-4Курс)9 | |
| 700 | 1 |
_aЦиклаури _bВ. Ю. _gВиктория Юрьевна |
|
| 801 | 0 |
_aRU _bРГБ _c20150225 _gRCR |
|
| 942 | _cBOOK | ||
| 980 | _aNBR | ||